[Event "Wch FIDE Online U18 Africa qual"]
[Site "Tornelo INT"]
[Date "2020.11.28"]
[Round "2"]
[White "Schnabel, Johann Emil"]
[Black "Emil Alexan, Paula"]
[Result "1-0"]
[WhiteElo "1744"]
[BlackElo "1449"]
[PlyCount "127"]
[EventDate "2020.11.28"]
[EventType "swiss (rapid)"]
[EventRounds "7"]
[EventCountry "ISS"]
[SourceTitle "EXT 2022"]
[Source "ChessBase"]
[SourceDate "2021.10.06"]
[SourceVersion "1"]
[SourceVersionDate "2021.10.06"]
[SourceQuality "1"]

1. e4 e5 2. Nf3 Nc6 3. Bb5 a6 4. Ba4 Nf6 5. 0-0 d6 6. Re1 b5 7. Bb3 Be7 8. c3 Bg4 9. h3 Bh5 10. d3 0-0 11. Nbd2 Re8 12. Nf1 Na5 13. Bc2 c5 14. Ng3 Bg6 15. Nh4 Nd7 16. Nhf5 Bxf5 17. Nxf5 g6 18. Nxe7+ Qxe7 19. f4 exf4 20. Bxf4 Nc6 21. Bb3 Nce5 22. Bd5 Rac8 23. Rf1 Nf6 24. Bg5 Nxd5 25. Bxe7 Ne3 26. Qe2 Nxf1 27. Rxf1 Rxe7 28. d4 cxd4 29. cxd4 Nc4 30. b3 Nb6 31. e5 Rce8 32. Qf2 dxe5 33. dxe5 Nd7 34. Qd4 Nxe5 35. Qd6 Re6 36. Qc7 R6e7 37. Qa5 Re6 38. Kh1 Nd3 39. Qc7 Re1 40. Qxf7+ Kh8 41. Rxe1 Rxe1+ 42. Kh2 h5 43. Qxg6 Nf2 44. Qf6+ Kh7 45. Qxf2 Ra1 46. Qc2+ Kh6 47. Qc6+ Kh7 48. Qxa6 Rc1 49. Qxb5 h4 50. Qd3+ Kg7 51. Qd4+ Kg8 52. Qg4+ Kh7 53. Qh5+ Kg8 54. Qg5+ Kh7 55. Qxc1 Kg6 56. a4 Kh5 57. a5 Kg6 58. a6 Kh7 59. a7 Kg6 60. a8Q Kh5 61. Qd5+ Kg6 62. Qcc6+ Kg7 63. Qdd7+ Kf8 64. Qcc8# 1-0

[Event "Africa-ch U16"]
[Site "Windhoek"]
[Date "2019.12.20"]
[Round "8.5"]
[White "Emil Alexan, Paula"]
[Black "George, Method"]
[Result "1-0"]
[WhiteElo "1395"]
[BlackElo "1432"]
[PlyCount "81"]
[EventDate "2019.12.16"]
[EventType "swiss"]
[EventRounds "9"]
[EventCountry "NAM"]
[SourceTitle "EXT 2024"]
[Source "ChessBase"]
[SourceDate "2023.10.10"]
[SourceVersion "1"]
[SourceVersionDate "2023.10.10"]
[SourceQuality "1"]

1. d4 Nf6 2. Nf3 g6 3. Bf4 d6 4. e3 Bg7 5. Be2 0-0 6. 0-0 Nh5 7. Bg5 Nf6 8. c3 Nbd7 9. Bf4 h6 10. h3 Nh7 11. Bg3 e5 12. Nbd2 Ng5 13. Nc4 e4 14. Nxg5 Qxg5 15. f4 Qe7 16. Rc1 b6 17. Qb3 Ba6 18. Rfe1 Bxc4 19. Bxc4 a5 20. Bd5 Ra7 21. Rc2 g5 22. Bh2 Kh8 23. g4 f5 24. fxg5 hxg5 25. Rf2 Nf6 26. Ref1 a4 27. Qc4 Ra5 28. Bc6 a3 29. b4 d5 30. Qe2 Ra7 31. Rxf5 Qe6 32. b5 Rd8 33. Be5 Rd6 34. Bxf6 Bxf6 35. Rxf6 Qxf6 36. Rxf6 Rxf6 37. Bxd5 Ra5 38. Qc4 Ra7 39. Bc6 Kg7 40. Qd5 Ra5 41. Qxe4 1-0

[Event "Africa-ch U16"]
[Site "Windhoek"]
[Date "2019.12.19"]
[Round "6.5"]
[White "Emil Alexan, Paula"]
[Black "Horn, Aldo"]
[Result "1-0"]
[WhiteElo "1395"]
[BlackElo "1209"]
[PlyCount "79"]
[EventDate "2019.12.16"]
[EventType "swiss"]
[EventRounds "9"]
[EventCountry "NAM"]
[SourceTitle "EXT 2024"]
[Source "ChessBase"]
[SourceDate "2023.10.10"]
[SourceVersion "1"]
[SourceVersionDate "2023.10.10"]
[SourceQuality "1"]

1. d4 d5 2. Bf4 Bf5 3. e3 Nf6 4. Nf3 e6 5. c3 Bd6 6. Bg3 0-0 7. Bd3 Bxd3 8. Qxd3 h6 9. Nbd2 Nbd7 10. 0-0 Re8 11. e4 dxe4 12. Nxe4 Nxe4 13. Qxe4 b6 14. Rfe1 Nf6 15. Qd3 Re7 16. Re2 Qd7 17. Rae1 Rae8 18. Ne5 Bxe5 19. Bxe5 Ng4 20. Bxg7 f5 21. Be5 Nxe5 22. Rxe5 Rg7 23. Qe3 Rg6 24. d5 Kf7 25. dxe6+ Rexe6 26. Rxe6 Rxe6 27. Qxe6+ Qxe6 28. Rxe6 Kxe6 29. Kf1 Kd5 30. Ke2 c5 31. Kd3 c4+ 32. Ke3 Ke5 33. h3 h5 34. g3 a5 35. f3 b5 36. Kd2 Kf6 37. b3 Ke5 38. bxc4 bxc4 39. Ke3 Kd5 40. g4 1-0